Computer Networks (Record no. 352302)

MARC details
000 -LEADER
fixed length control field 00496nam a2200181Ia 4500
008 - FIXED-LENGTH DATA ELEMENTS--GENERAL INFORMATION
fixed length control field 230718s9999 xx 000 0 und d
020 ## - INTERNATIONAL STANDARD BOOK NUMBER
International Standard Book Number 9789332518742
041 ## - LANGUAGE CODE
Language code of text/sound track or separate title eng
082 ## - DEWEY DECIMAL CLASSIFICATION NUMBER
Classification number 004.6
Item number TAN
100 ## - MAIN ENTRY--PERSONAL NAME
Personal name Tanenbaum A.S.
9 (RLIN) 106254
245 ## - TITLE STATEMENT
Title Computer Networks
250 ## - EDITION STATEMENT
Edition statement 5th ed.
260 ## - PUBLICATION, DISTRIBUTION, ETC. (IMPRINT)
Date of publication, distribution, etc. 2014
Name of publisher, distributor, etc. Pearson
300 ## - PHYSICAL DESCRIPTION
Extent 804
Accompanying material [OBSOLETE, CAN/MARC] Ref 103 IT (51111)
365 ## - TRADE PRICE
Currency code Rs.
Price amount 789.00
700 ## - ADDED ENTRY--PERSONAL NAME
Personal name Tanenbaum A.S. & Wetherall D.J.
906 ## - LOCAL DATA ELEMENT F, LDF (RLIN)
d O:0740925-Feb-2022B:04422-Feb-2022
c SBB-M
b 394.5
Holdings
Withdrawn status Lost status Damaged status Not for loan Home library Current library Date acquired Vendor Budget Code Cost, normal purchase price Bill number Total Checkouts Full call number Barcode Date last seen Discount Cost, replacement price Bill Date Koha item type Original Barcode
        Cummins College of Engineering for Women Pune Cummins College of Engineering for Women Pune 25/02/2022 Om Book Stall SBB-M 591.75 44   004.6 CCEP-BK-63513 18/07/2023 394.5 789.00 22/02/2022 Books 063513